00749nam a22002297a 450000500170000000800410001702000150005804000070007304100120008008200200009210000270011224500420013926000390018130000310022036500300025152001250028165000130040665000300041970000200044970000280046970000220049720220121112449.0220121b ||||| |||| 00| 0 eng d a8172401035 cAL aEnglish 223a338.9bTHAE aThakur (C P)and others aEconomic Transition with a Human Face aDelhibGlobal Business Pressc1996 aix,380 p.bPBc21x13.5 cm. b₹300.00c₹d₹300.00 a Papers presented at an International Congress on Economic Transition with a Human Face, 3-6 September 1995, New Delhi.  aEconomic aSocio-Economic Dimensions aTHAKUR (C P) Ed aRATNAM (Venkata C S) Ed aSINHA (Pravin) Ed